00473nam a2200169 a 4500001000400000003000900004008004100013040002800054082001700082100002400099245001600123260004400139300001300183490001600196500007000212650002100282658CO-ViMGA141112s2004 ck r 000 u spa d aCO-ViMGAbspacCO-ViMGA04aA863.3 E243m1 aEcheverria, Esteban10aEl matadero aSantafé de Bogotá : bNorma, c1997 a33, 73 p aCara y cruz aEncuadernado con A propósito de Esteban Echeverria y su obra. 14aNOVELA ARGENTINA